000 00911nam a2200241 i 4500
001 167836
003 ES-MaACL
005 20250815062652.0
008 011009q18901900sp |||| | spa d
040 _aCCPB | B
_bspa
_cCCPB | B
100 1 _aWallace, Donald Mackenzie.
_9133867
245 1 0 _aRusia
_b: el pais, las instituciones, las costumbres /
_cpor Mackenzie Wallage ; traducción por Luis de Terán.
260 _aMadrid :
_bLa España Moderna,
_c[s.a.] (
_fimp. de Gabriel L. Horno)
300 _a294 p. ;
_c22 cm.
490 1 _aBiblioteca de jurisprudencia, filosofía e historia
596 _aLa editorial ejerce ca. 1890-1900.
651 0 4 _aRusia-
_xDescripción.
_99329
700 1 _aTerán, Luis de,
_d1864-1935
_9109725
830 0 0 _aBiblioteca de jurisprudencia, filosofía e historia
_9180691
852 _aES-MaACL
_jF-14826
_z-- Rúst.
999 _c167836
_d167836